Statistics for Taylor Swift - Bad Blood Lyrics

Click here to take the quiz!

General Stats

  • This quiz has been taken 185 times
    (149 since last reset)
  • The average score is 430 of 471

Answer Stats

Answer% Correct
bad
100%
a
99%
blood
99%
'Cause
99%
I
99%
we
99%
and
98%
And
98%
baby
98%
Baby
98%
be
98%
do
98%
got
98%
Now
98%
now
98%
So
98%
so
98%
the
98%
think
98%
You
98%
you
98%
mad
97%
to
97%
used
97%
don't
96%
love
96%
solve
96%
what
96%
can
95%
'em
95%
it
95%
look
95%
problems
95%
take
95%
done
94%
Hey!
94%
you've
94%
we've
93%
really
92%
know
91%
that
91%
made
90%
did
89%
Did
89%
have
89%
about
88%
cut
88%
it's
88%
just
88%
this?
88%
this
88%
time
88%
deep
87%
good
87%
like
87%
sad
87%
could
86%
say
86%
for
85%
sorry
85%
times
85%
if
84%
If
84%
show
84%
Oh
83%
fix
82%
holes
82%
me
82%
was
82%
at
81%
bullet
81%
live
81%
ghosts
80%
with
80%
your
80%
in
79%
trusted
79%
thinking
78%
all
76%
All
76%
Bandaids
76%
where
74%
you're
74%
back
72%
hit
72%
ruin
72%
couldn't
70%
my
70%
but
69%
from
69%
i'm
69%
of
69%
runs
69%
rusted
69%
wound
69%
fine?
68%
right
68%
they
68%
scars
67%
won't
67%
breathe
66%
on
66%
past
66%
heal
65%
these
65%
These
65%
laughing
64%
through?
64%
weak?
64%
Salt
63%
shiny?
63%
cold
62%
kind
62%
last
62%
things
62%
Still
61%
we'd
61%
catch
60%
up
60%
way
60%
will
60%
wounds
58%
rub
56%
coming
55%
knives
47%

Score Distribution

Percentile by Number Answered

Percent of People with Each Score

Your Score History

You have not taken this quiz since the last reset